000 00387nam a2200133Ia 4500
005 20260328101451.0
008 260328s9999||||xx |||||||||||||| ||und||
100 _aBeylerian, George M.
245 0 _aUltramaterials :
_b How Materials innovation is Changing the World /
_cGeorge M. Beylerian
260 _bThames & Hudson
300 _a287 p.
650 _aDISEÑO INDUSTRIAL
942 _cBK
999 _c8643
_d8643